00811nam a2200205 a 4500001001000000003000500010005001700015008004100032010001100073011001100084040000900095100002500104245013800129260004400267500006000311502010100371650003900472650002400511856007000535000114082CHAP20220329144426.0171026s2016 mx sm |||||||spa d a110543 a111515 cCHAP1 aCano Ruíz, Marlen.10aDiagnóstico de la fertilidad de los suelos y calidad del agua para riego, en Xalatzala, Guerreroh[En línea]cMarlen Cano Ruíz. aCocula, Gro. Méx. :bEl autor,c2016. aPara ver el contenido del material haga clic en la liga aTesis (Ingeniero Agrónomo Fitotecnista) -- Colegio Superio Agropecuario del Estado de Guerrero14aAgua para irrigaciónxAnálisis14aSuelosxFertilidad. aFinding aiduhttp://10.13.5.2/tesis/sist114082.pdfzTeclea aquí